书目信息 |
| 题名: |
Visual Basic语言程序设计教程实验指导及习题解答
|
|
| 作者: | 刘永真 主编 | |
| 分册: | ||
| 出版信息: | 北京 中国水利水电出版社 2007.08 |
|
| 页数: | 156页 | |
| 开本: | 26cm | |
| 丛书名: | ||
| 单 册: | ||
| 中图分类: | TP312BA | |
| 科图分类: | ||
| 主题词: | BASIC语言--BASIC yu yan--程序设计--高等学校--教学参考资料 | |
| 电子资源: | ||
| ISBN: | 978-7-5084-4775-9 | |
| 000 | 00984nam0 2200265 450 | |
| 001 | 012008119391 | |
| 005 | 20080525080649.92 | |
| 010 | @a978-7-5084-4775-9@dCNY16.00 | |
| 100 | @a20080525d2007 em y0chiy0120 ea | |
| 101 | 0 | @achi |
| 102 | @aCN@b110000 | |
| 105 | @aak a 000yy | |
| 106 | @ar | |
| 200 | 1 | @aVisual Basic语言程序设计教程实验指导及习题解答@AVisual Basic yu yan cheng xu she ji jiao cheng shi yan zhi dao ji xi ti jie da@f刘永真主编@Fliu yong zhen zhu bian |
| 210 | @a北京@c中国水利水电出版社@d2007.08 | |
| 215 | @a156页@c图@d26cm | |
| 300 | @a21世纪高等院校计算机科学与技术规划教材 | |
| 320 | @a有书目 | |
| 330 | @a本书由两部分组成:第一部分实验指导;第二部分为《Visual Basic语言程序设计教程》的部分课后精选习题解答。 | |
| 606 | 0 | @aBASIC语言@ABASIC yu yan@x程序设计@x高等学校@j教学参考资料 |
| 610 | 0 | @aVisual Basic |
| 690 | @aTP312BA@v4 | |
| 701 | 0 | @a刘永真@Aliu yong zhen@4主编 |
| 801 | 0 | @aCN@bQSSK@c20080525 |
| 905 | @b713590-92@dTP312BA@eL719@f3 | |
| Visual Basic语言程序设计教程实验指导及习题解答/刘永真主编.-北京:中国水利水电出版社,2007.08 |
| 156页:图;26cm |
| 21世纪高等院校计算机科学与技术规划教材 |
| ISBN 978-7-5084-4775-9:CNY16.00 |
| 本书由两部分组成:第一部分实验指导;第二部分为《Visual Basic语言程序设计教程》的部分课后精选习题解答。 |
| ● |
| 相关链接 |
|
|
|
正题名:Visual Basic语言程序设计教程实验指导及习
索取号:TP312BA/L719
 
预约/预借
| 序号 | 登录号 | 条形码 | 馆藏地/架位号 | 状态 | 备注 |
| 1 | 713590 | 207135900 | 期刊室512/301自科库 47排7列2层/ [索取号:TP312BA/L719] | 在馆 | |
| 2 | 713591 | 207135919 | 期刊室512/301自科库 47排7列2层/ [索取号:TP312BA/L719] | 在馆 | |
| 3 | 713592 | 207135928 | 自科库301/301自科库 47排7列2层/ [索取号:TP312BA/L719] | 在馆 |